000 00646nam a2200229Ia 4500
001 21497
003 DO-CoUTE
005 20260204212604.0
008 220104s9999 dr 000 0 spa d
020 _a978-59420-174-124-5
040 _aDO-CoUTE
_bspa
_cDO-CoUTE
041 0 _aspa
082 _a420 C282p (CRF)
100 1 _aCorlin, John
245 1 0 _aPlaying the enemy: Nelson Mandela and the game that mude a natio / John Corlin
260 _aEstados Unidos de América : Penguin books
300 _a274 páginas
650 4 _aInglés
942 _2ddc
_cBK
999 _c20894
_d20894